| 000 | 00770nam a22002177a 4500 | ||
|---|---|---|---|
| 999 |
_c4095 _d4095 |
||
| 003 | AR-CdUCM | ||
| 008 | 190307b ||||| |||| 00| 0 spa d | ||
| 040 |
_aMUNICIPALIDAD PROVINCIAL DEL CUSCO _cBIBLIOTECA MUNICIPAL DEL CUSCO |
||
| 082 |
_a860.9 / _bT75 |
||
| 100 |
_aTorri, Julio _912984 |
||
| 245 | _aLa literatura española / | ||
| 260 |
_aMéxico : _bFondo de Cultura Económica, _c1955. |
||
| 300 |
_a395 páginas ; _c17 cm. |
||
| 500 | _aDonación de la familia Nieto. | ||
| 505 | _aContenido: La edad media -- Los siglos de oro -- Los tiempos modernos ... | ||
| 650 |
_aLiteratura española _9362 |
||
| 650 |
_aHistoria de la literatura - España _912985 |
||
| 650 |
_aLiteratura - Evolución y crítica _912986 |
||
| 942 |
_2ddc _cLIBROS |
||
| 945 | _alccs | ||